| 000 | 01168nam a2200337 i 4500 | ||
|---|---|---|---|
| 001 | 768714001 | ||
| 003 | CO-MdFUSB | ||
| 005 | 20210908114929.0 | ||
| 007 | ta | ||
| 008 | 210625t20091962-us |||| |||| 00| 0 eng d | ||
| 020 | _a9781608990351 | ||
| 040 |
_aCO-MdFUSB _bspa _cCO-MdFUSB _dCO-MdFUSBC _erda |
||
| 041 | _aeng | ||
| 082 |
_223 _a221.9505 _bC537 |
||
| 100 |
_aChilds, Brevard S. _eautor |
||
| 245 |
_aMyth and reality in the Old Testament _c/ Brevard S. Childs |
||
| 264 | 1 |
_aEstados Unidos : _bSCM Press, _c[1962] |
|
| 264 | 4 | _c© 1962 | |
| 300 |
_a112 páginas _c; 22 cm |
||
| 336 |
_2rdacontent _atexto _btxt |
||
| 337 |
_2rdamedia _asin mediación _bn |
||
| 338 |
_2rdacarrier _avolumen _bnc |
||
| 490 | 1 | _aStudies in Biblical Theology | |
| 505 | _aEl problema de una definición de mito. -- El mito como comprensión de la realidad. -- Mito en conflicto con el Antiguo Testamento. -- Categorías de realidad del Antiguo Testamento. -- Problema teológico del mito. | ||
| 563 | _aRústico | ||
| 630 | 0 | 7 |
_aBiblia. _pAntiguo Testamento |
| 830 | 1 |
_aStudies in Biblical Theology _v27 |
|
| 942 | _cBK | ||
| 945 | _aJTF-925 | ||
| 999 |
_c66766 _d66766 |
||